IFM Opac

Business Studies (Record no. 17834)

MARC details
000 -LEADER
fixed length control field 00291nam a22001337a 4500
020 ## - INTERNATIONAL STANDARD BOOK NUMBER
International Standard Book Number 0340416521
082 ## - DEWEY DECIMAL CLASSIFICATION NUMBER
Classification number 658.4FEA
100 ## - MAIN ENTRY--PERSONAL NAME
Personal name Fearns Peter
9 (RLIN) 6553
245 ## - TITLE STATEMENT
Title Business Studies
260 ## - PUBLICATION, DISTRIBUTION, ETC.
Place of publication, distribution, etc. Britain
Name of publisher, distributor, etc. Richard clay
Date of publication, distribution, etc. 1998
300 ## - PHYSICAL DESCRIPTION
Extent viii,294p,19cm
500 ## - GENERAL NOTE
General note index
942 ## - ADDED ENTRY ELEMENTS (KOHA)
Koha item type Books
Holdings
Withdrawn status Lost status Damaged status Not for loan Collection code Home library Current library Shelving location Date acquired Total Checkouts Full call number Barcode Date last seen Price effective from Koha item type
        Non-fiction IFM Main Campus Library IFM Main Campus Library Archival Collection 09/21/2021   658.4 0000004836 08/07/2017 02/19/2022 Books